000 00492cam a2200181ua 4500
001 12161
008 200226n ii |||gr||||Z||||||eng
020 _a8189012541
040 _cMAIN
082 _a303.625
100 _aV T Patil,
_eAuthor.
245 _aNew face of terrorism :
_bEthnic, domestic and foreign /
_cBy V T Patil .
250 _a1st ed.
260 _aDelhi:
_bGnosis publishers of educational books,
_c2008.
300 _a209p.
653 _aSocial processes
942 _cBK
999 _c10922
_d10922